000 01102nam a2200241Ia 4500
003 Ost
005 20260507075640.0
008 260507s9999||||xx |||||||||||||| ||und||
040 _cfsecg
041 _aara
082 _a347.09
100 _aالنيداني، حسن
_eمؤلف
245 0 _aالتنفيذ المباشر للسندات التنفيذية :
_bدراسة تحليلية /
_c حسن النيداني
260 _aالإسكندرية:
_bدار الجامعة الجديدة,
_c2001
300 _a342 صفحة؛
_c24 سم
490 _aالمكتبة القانونية
504 _aالمراجع ص.319
520 _aرابطة التنفيذ المباشر سبب التنفيذ المباشر ،محل وأشخاص التنفيذ المباشر ،النظام القانوني للتنفيذ المباشر ،مقدمات وإجراءات التنفيذ المباشر ،عوارض التنفيذ الجبري المباشر ومنازاعاته
653 _aالتنفيذ
653 _aالتنفيذ الجبري
653 _aالسندات
942 _cكتاب
999 _c45394
_d45394